000 00882nam a2200289Ia 4500
005 20260324111612.0
008 008 260324s9999 xx 000 0 eng d
020 _a9781003635680
037 _aEBOOK
040 _aCRL
040 _beng
040 _cCRL
041 _2eng
041 _aeng
084 _qCRL
100 _aArvind Dagur; Karan Singh; Dhirendra Kumar Shukla; Pawan Singh Mehra
_91139241
245 0 _aIntelligent Computing and Communication Techniques
245 0 _bProceedings of the International Conference on Intelligent Computing and Communication Techniques (ICICCT 2024), New Delhi, India, 28-29 June, 2024 (Volume 3)
260 _bTaylor and Francis
260 _c2025
365 _a
365 _b420
856 _uhttp://www.taylorfrancis.com/books/9781003635680
942 _cEBOOK
999 _c1728120
_d1728120